[Event "AUTO-MASTER-565"]
[Site "http://www.queenalice.com/game.php?id=432977"]
[Date "2008.7.14"]
[Round "1"]
[White "CCapivara"]
[Black "wdwpower"]
[Result "0-1"]
[WhiteElo "2057"]
[BlackElo "2152"]

1. e4 c5 2. Nf3 d6 3. d4 cxd4 4. Nxd4 Nf6 5. Nc3 a6 6. Bg5 e6 7. f4 Qb6 8. a3
Nc6 9. Nxc6 bxc6 10. Bxf6 gxf6 11. Rb1 Qe3+ 12. Be2 Qxf4 13. Qd4 d5 14. Bf3 Qe5
15. Qa4 Bd7 16. O-O d4 17. Ne2 c5 18. Qb3 Bd6 19. g3 h5 20. Kg2 h4 21. Rh1 Rg8
22. Rhf1 hxg3 23. hxg3 Rb8 24. Qd3 Bb5 25. c4 dxc3 26. Qxc3 Bxe2 27. Qxe5 Bxf1+
0-1

[Event "AUTO-MASTER-565"]
[Site "http://www.queenalice.com/game.php?id=432978"]
[Date "2008.7.14"]
[Round "1"]
[White "wdwpower"]
[Black "Shodan"]
[Result "1/2-1/2"]
[WhiteElo "2195"]
[BlackElo "2091"]

1. e4 e5 2. Nf3 Nc6 3. Bb5 a6 4. Ba4 b5 5. Bb3 Bc5 6. O-O Qf6 7. d3 h6 8. Be3 d6
9. Nc3 Nge7 10. a4 Rb8 11. axb5 axb5 12. Nd5 Nxd5 13. exd5 Ne7 14. Bxc5 dxc5 15.
Qe1 Ng6 16. Qc3 O-O 17. Qxc5 Nf4 18. Qc6 Qf5 19. Qxc7 Qg4 20. Ne1 Ra8 21. Rb1
Qe2 22. Nf3 Nxg2 23. Nxe5 Nf4 24. Rfe1 Qh5 25. Re3 Qg5+ 26. Rg3 Ne2+ 27. Kh1
Nxg3+ 28. hxg3 Bh3 29. Nc6 Qh5 30. Ne7+ Kh7 31. Qf4 g5 32. Qe3 f5 33. g4 Bxg4+
34. Kg2 f4 35. Qe4+ Kg7 36. f3 Qh3+ 37. Kf2 Bh5 38. d6 Rad8 39. Rg1 Rf6 40. Qb7
Kh8 41. Qe4 Rdf8 42. Bd5 Rxd6 43. c4 bxc4 44. dxc4 Qh4+ 45. Kf1 Qh3+ 46. Kf2
Qh4+ 47. Kf1 Qh3+ 48. Kf2 1/2-1/2

[Event "AUTO-MASTER-565"]
[Site "http://www.queenalice.com/game.php?id=432979"]
[Date "2008.7.14"]
[Round "1"]
[White "Shodan"]
[Black "wdwpower"]
[Result "0-1"]
[WhiteElo "2102"]
[BlackElo "2186"]

1. d4 d5 2. c4 c6 3. Nc3 Nf6 4. Nf3 e6 5. Bg5 h6 6. Bh4 dxc4 7. e4 g5 8. Bg3 b5
9. a3 Nbd7 10. Be2 Nh5 11. a4 b4 12. Na2 Ba6 13. Nd2 Nxg3 14. hxg3 Nf6 15. Bxc4
Bxc4 16. Nxc4 Nxe4 17. Ne5 Qd5 18. Qf3 Rh7 19. O-O h5 20. Qd3 Rc8 21. b3 f5 22.
Rfd1 Rb7 23. Qe2 g4 24. Nc4 Rd8 25. Ne3 Qd6 26. Qa6 Rbd7 27. Qc4 c5 28. dxc5
Qxd1+ 29. Rxd1 Rxd1+ 30. Nxd1 Rxd1+ 31. Kh2 Kf7 32. Qc2 Rd2 33. Qc4 Nxf2 34. Qf4
Ne4 35. Nxb4 h4 36. Qc7+ Kf6 37. gxh4 g3+ 38. Kh3 Rd1 0-1

[Event "frank_lasker"]
[Site "http://www.queenalice.com/game.php?id=467001"]
[Date "2008.9.23"]
[Round "2"]
[White "wdwpower"]
[Black "RONCO"]
[Result "1-0"]
[WhiteElo "2192"]
[BlackElo "1950"]

1. e4 e6 2. d4 d5 3. Nc3 Nf6 4. Bg5 Be7 5. e5 Nfd7 6. Bxe7 Qxe7 7. f4 c5 8. Nb5
Na6 9. Nd6+ Kd8 10. Bxa6 bxa6 11. Nf3 f6 12. c4 Nb6 13. dxc5 Nxc4 14. Nxc4 Qxc5
15. Nd6 Rf8 16. Qd2 Kd7 17. Rc1 Qb6 18. Nd4 fxe5 19. fxe5 Bb7 20. Rc3 h6 21. Rb3
Rab8 22. Rxb6 axb6 23. Qb4 1-0

[Event "AUTO-OPEN-1162"]
[Site "http://www.queenalice.com/game.php?id=499463"]
[Date "2008.11.28"]
[Round "2"]
[White "wdwpower"]
[Black "AlexsandroB"]
[Result "1-0"]
[WhiteElo "2203"]
[BlackElo "1545"]

1. e4 c5 2. Nf3 e6 3. d4 cxd4 4. Nxd4 Nf6 5. Nc3 Bb4 6. e5 Nd5 7. Bd2 Nc6 8.
Nxd5 Bxd2+ 9. Qxd2 exd5 10. Nb5 O-O 11. f4 Qa5 12. Qxa5 Nxa5 13. Nc7 Rb8 14.
Nxd5 Re8 15. O-O-O b6 16. Bb5 Bb7 17. Bxd7 Red8 18. Ne3 Be4 19. Rd4 Bc6 20. Rhd1
g6 21. b4 Bxd7 22. bxa5 Kf8 23. Rxd7 1-0

[Event "AUTO-OPEN-1162"]
[Site "http://www.queenalice.com/game.php?id=499464"]
[Date "2008.11.28"]
[Round "2"]
[White "AlexsandroB"]
[Black "wdwpower"]
[Result "0-1"]
[WhiteElo "1543"]
[BlackElo "2225"]

1. d4 d5 2. c4 c6 3. Nc3 Nf6 4. Nf3 e6 5. e3 Nbd7 6. Bd3 dxc4 7. Bxc4 b5 8. Bd3
Bb7 9. Qc2 a6 10. O-O c5 11. Ne4 c4 12. Nxf6+ Nxf6 13. Be2 Be4 14. Qc3 Nd5 15.
Qd2 f6 16. a3 Bd6 17. Nh4 g5 18. Nf3 Qc7 19. h3 h5 20. Ne1 Bg6 21. Bf3 g4 22.
Bxd5 exd5 23. h4 Be4 24. f3 gxf3 25. Nxf3 Rg8 26. Qf2 Qd7 27. Nd2 Rxg2+ 28. Qxg2
Bxg2 29. Kxg2 Qg4+ 0-1

[Event "frank_lasker"]
[Site "http://www.queenalice.com/game.php?id=500063"]
[Date "2008.11.29"]
[Round "3"]
[White "wdwpower"]
[Black "Carlos75"]
[Result "1/2-1/2"]
[WhiteElo "2236"]
[BlackElo "2605"]

1. e4 e5 2. Nf3 Nc6 3. Bb5 a6 4. Ba4 Nf6 5. O-O Be7 6. Re1 d6 7. c3 Bg4 8. d3
O-O 9. Nbd2 Nd7 10. h3 Bh5 11. Nf1 Nc5 12. Bxc6 bxc6 13. Ng3 Bxf3 14. Qxf3 Ne6
15. Nf5 Bf6 16. g3 g6 17. Nh6+ Kh8 18. Rb1 Qe7 19. h4 Rab8 20. Be3 Bg7 21. h5 f5
22. hxg6 f4 23. Nf5 Qg5 24. Bd2 Qxg6 25. Nh4 Qf7 26. b3 Bf6 27. Nf5 Ng7 28. g4
Nxf5 29. gxf5 d5 30. c4 Rbd8 31. Bc3 Rd7 32. Kf1 Rfd8 33. exd5 Qg7 34. d4 exd4
35. dxc6 Rf7 36. Bb2 d3 37. Bxf6 Qxf6 38. Re6 Qxf5 39. Re4 Qg6 40. Rd1 Qd6 41.
Qh5 Rg7 42. Re8+ Rxe8 43. Qxe8+ Rg8 44. Qd7 Rd8 45. Qxd6 Rxd6 46. c5 Rd5 47. b4
Kg7 48. Ke1 Kf6 49. Kd2 Ke5 50. Rh1 Kd4 51. Rh4 Rf5 52. Rxh7 Re5 53. Rd7+ Kc4
54. Rxd3 Kxb4 55. Rd4+ Kxc5 56. Rxf4 Kxc6 57. Kd3 Rd5+ 58. Rd4 Kc5 59. Rxd5+
Kxd5 60. Ke3 c5 61. Kd3 1/2-1/2

[Event "AUTO-OPEN-1164"]
[Site "http://www.queenalice.com/game.php?id=501006"]
[Date "2008.12.1"]
[Round "2"]
[White "wdwpower"]
[Black "Gera"]
[Result "1-0"]
[WhiteElo "2226"]
[BlackElo "1966"]

1. e4 Nc6 2. Nf3 e5 3. Bb5 a6 4. Ba4 f5 5. d3 fxe4 6. dxe4 b5 7. Bb3 Be7 8. Qd5
Nh6 9. Bxh6 Rf8 10. Bxg7 Rf4 11. Nxe5 Bb7 12. Qf7+ Rxf7 13. Bxf7# 1-0

[Event "AUTO-OPEN-1164"]
[Site "http://www.queenalice.com/game.php?id=501007"]
[Date "2008.12.1"]
[Round "2"]
[White "Gera"]
[Black "wdwpower"]
[Result "0-1"]
[WhiteElo "1966"]
[BlackElo "2232"]

1. Nf3 Nf6 2. d4 d5 3. c4 e6 4. a3 Nc6 5. cxd5 exd5 6. h3 Bd6 7. e3 Bf5 8. Nc3
O-O 9. Bd3 Qd7 10. Bb5 Rae8 11. O-O a6 12. Ba4 Bxh3 13. Ne5 Bxe5 14. dxe5 Rxe5
15. f4 Rh5 16. Rf2 Bg4 17. Qe1 Re8 18. Ne2 Ne4 19. Rf1 Bxe2 20. Qxe2 Rh1+ 0-1

[Event "AUTO-MASTER-565"]
[Site "http://www.queenalice.com/game.php?id=504025"]
[Date "2008.12.6"]
[Round "2"]
[White "arauca"]
[Black "wdwpower"]
[Result "0-1"]
[WhiteElo "2156"]
[BlackElo "2204"]

1. e4 c5 2. Nf3 d6 3. d4 cxd4 4. Nxd4 Nf6 5. Nc3 a6 6. Be3 e5 7. Nb3 Be6 8. f3
Be7 9. Qd2 O-O 10. O-O-O Nbd7 11. g4 b5 12. g5 Nh5 13. Nd5 Bxd5 14. exd5 f6 15.
gxf6 Bxf6 16. Na5 Qe8 17. Nc6 Bd8 18. Bh3 Nf4 19. Bg4 Nf6 20. Bxf4 Nxg4 21. fxg4
Rxf4 22. Nxd8 Rxd8 23. h3 Rc8 24. Kb1 Qf7 25. g5 Rf2 26. Qd3 Rcxc2 27. Qxc2 Rxc2
28. Kxc2 Qf5+ 29. Kb3 Qe4 0-1

[Event "AUTO-MASTER-565"]
[Site "http://www.queenalice.com/game.php?id=504026"]
[Date "2008.12.6"]
[Round "2"]
[White "wdwpower"]
[Black "arauca"]
[Result "1-0"]
[WhiteElo "2215"]
[BlackElo "2145"]

1. e4 e5 2. Nf3 Nc6 3. Bb5 f5 4. Nc3 fxe4 5. Nxe4 d5 6. Nxe5 dxe4 7. Nxc6 Qg5 8.
Qe2 Nf6 9. f4 Qxf4 10. Nxa7+ Bd7 11. Bxd7+ Kxd7 12. Qb5+ Ke6 13. Qxb7 Bd6 14.
Qb3+ Kd7 15. Qf7+ Be7 16. Nc6 Kxc6 17. Qxe7 Rhe8 18. Qb4 Ng4 19. Qc3+ Kb7 20.
Qg3 g5 21. Qxf4 gxf4 22. O-O Rf8 23. a4 h5 24. Ra3 c5 25. h3 Ne5 26. Re1 Kc6 27.
Rxe4 Kd5 28. d3 f3 29. Bf4 Ng6 30. Bh2 fxg2 31. c4+ Kc6 32. Re6+ Kd7 33. Rd6+
Ke7 34. Rxg6 Rf3 35. Kxg2 1-0

[Event "AUTO-MASTER-565"]
[Site "http://www.queenalice.com/game.php?id=504031"]
[Date "2008.12.6"]
[Round "2"]
[White "wdwpower"]
[Black "mds"]
[Result "1-0"]
[WhiteElo "2247"]
[BlackElo "2286"]

1. e4 Nc6 2. Nf3 d6 3. d4 Bg4 4. Bb5 a6 5. Bxc6+ bxc6 6. h3 Bh5 7. O-O e6 8. c4
Nf6 9. Nbd2 Be7 10. Qa4 Qd7 11. e5 Ng8 12. Re1 Bd8 13. exd6 cxd6 14. c5 Ne7 15.
g4 Bg6 16. Nc4 dxc5 17. Nfe5 Qd5 18. dxc5 O-O 19. Be3 Bd3 20. Red1 Bxc4 21. Rxd5
Bb5 22. Qb3 cxd5 23. a4 Be2 24. Qc2 Bc7 25. Bd4 Bc4 26. b3 f6 27. Nd7 Rf7 28.
Nb6 Nc6 29. Bb2 Bxb3 30. Qxb3 1-0

[Event "AUTO-MASTER-565"]
[Site "http://www.queenalice.com/game.php?id=504032"]
[Date "2008.12.6"]
[Round "2"]
[White "mds"]
[Black "wdwpower"]
[Result "1/2-1/2"]
[WhiteElo "2273"]
[BlackElo "2273"]

1. d4 d5 2. c4 c6 3. Nc3 Nf6 4. Nf3 e6 5. Bg5 dxc4 6. e4 b5 7. e5 h6 8. Bh4 g5
9. Nxg5 hxg5 10. Bxg5 Nbd7 11. exf6 Bb7 12. g3 c5 13. d5 Qb6 14. Bg2 O-O-O 15.
O-O b4 16. Rb1 Qa6 17. dxe6 Bxg2 18. e7 Bxf1 19. Qd5 Bxe7 20. fxe7 Bd3 21. Ne4
Bxb1 22. Nd6+ Kc7 23. Bf4 Kb6 24. Nxc4+ Kb5 25. exd8=Q Rxd8 26. Nd6+ Kb6 27.
Nc4+ 1/2-1/2

[Event "AUTO-MASTER-565"]
[Site "http://www.queenalice.com/game.php?id=504033"]
[Date "2008.12.6"]
[Round "2"]
[White "wdwpower"]
[Black "IMS"]
[Result "1-0"]
[WhiteElo "2290"]
[BlackElo "2064"]

1. e4 c6 2. d4 d5 3. e5 Bf5 4. Nf3 e6 5. Be2 c5 6. Be3 Qb6 7. Nc3 Nc6 8. O-O c4
9. b3 Qa5 10. Bd2 Bb4 11. Qe1 b5 12. a3 Bxc3 13. Bxc3 Qb6 14. Qd2 Nge7 15. Rfb1
Qc7 16. bxc4 bxc4 17. Bb4 Nxb4 18. axb4 O-O 19. Ra3 Rfc8 20. Rba1 c3 21. Qe1 Qb6
22. Ba6 Rc6 23. b5 Rc4 24. Rxc3 Bxc2 25. Rc1 Rxc3 26. Qxc3 Be4 27. Nd2 Rd8 28.
Nb3 h6 29. Nc5 Bg6 30. g4 Be4 31. Na4 Qb8 32. f3 Bh7 33. Qc7 1-0

[Event "AUTO-MASTER-565"]
[Site "http://www.queenalice.com/game.php?id=504034"]
[Date "2008.12.6"]
[Round "2"]
[White "IMS"]
[Black "wdwpower"]
[Result "0-1"]
[WhiteElo "2057"]
[BlackElo "2295"]

1. e4 c5 2. Nf3 d6 3. d4 cxd4 4. Nxd4 Nf6 5. Nc3 a6 6. Bg5 e6 7. Qf3 h6 8. Bxf6
Qxf6 9. Qxf6 gxf6 10. f4 b5 11. f5 Bd7 12. a4 b4 13. Na2 Rg8 14. O-O-O Nc6 15.
g3 Nxd4 16. Rxd4 a5 17. Bb5 Rg4 18. Rhd1 Bxb5 19. axb5 h5 20. R1d3 h4 21. b3 Rb8
22. fxe6 fxe6 23. c4 e5 24. Rd5 Rxe4 25. Kd1 Kd7 26. b6 hxg3 27. hxg3 Rxb6 28.
Rxa5 Rg4 29. Nc1 Bh6 30. Ne2 Re4 31. Ke1 Be3 32. Kf1 Ke6 33. Kg2 Bc5 34. Kf3 f5
35. Ra1 Rxc4 36. bxc4 e4+ 37. Kg2 exd3 38. Nf4+ Ke5 39. Nxd3+ Kd4 0-1

[Event "AUTO-OPEN-1164"]
[Site "http://www.queenalice.com/game.php?id=529147"]
[Date "2009.1.25"]
[Round "3"]
[White "wdwpower"]
[Black "Leonic"]
[Result "1-0"]
[WhiteElo "2267"]
[BlackElo "2073"]

1. e4 Nf6 2. e5 Nd5 3. d4 d6 4. Nf3 Bg4 5. Be2 c6 6. O-O Bxf3 7. Bxf3 dxe5 8.
dxe5 e6 9. Nd2 Nd7 10. Re1 Qc7 11. Nc4 b5 12. Bxd5 cxd5 13. Nd6+ Bxd6 14. Qxd5
exd5 15. exd6+ Kd8 16. dxc7+ Kxc7 17. Re7 Rhf8 18. Bd2 Rae8 19. Rae1 Rxe7 20.
Rxe7 1-0

[Event "AUTO-OPEN-1164"]
[Site "http://www.queenalice.com/game.php?id=529148"]
[Date "2009.1.25"]
[Round "3"]
[White "Leonic"]
[Black "wdwpower"]
[Result "0-1"]
[WhiteElo "2082"]
[BlackElo "2260"]

1. e4 c5 2. Nc3 d6 3. g3 Nc6 4. Bg2 g6 5. d3 Bg7 6. f4 e6 7. Nf3 Nge7 8. O-O O-O
9. Be3 Nd4 10. Rb1 Qc7 11. Ne2 Nxf3+ 12. Bxf3 d5 13. c3 b6 14. Bg2 dxe4 15. dxe4
Bb7 16. Qc2 Rad8 17. Rbd1 f5 18. e5 Bxg2 19. Kxg2 Nd5 20. Bf2 Rd7 0-1

[Event "AUTO-OPEN-1162"]
[Site "http://www.queenalice.com/game.php?id=578749"]
[Date "2009.4.27"]
[Round "3"]
[White "wdwpower"]
[Black "franchouillard"]
[Result "1-0"]
[WhiteElo "2301"]
[BlackElo "2085"]

1. e4 e5 2. Nf3 Nc6 3. Bb5 a6 4. Ba4 Nf6 5. O-O Be7 6. Re1 b5 7. Bb3 O-O 8. c3
d5 9. exd5 Nxd5 10. Nxe5 Nxe5 11. Rxe5 c6 12. d4 Bd6 13. Re1 Qh4 14. g3 Qh3 15.
Be3 Bg4 16. Qd3 Rae8 17. Nd2 Re6 18. a4 Nxe3 19. Rxe3 Rh6 20. Nf1 Kh8 21. axb5
axb5 22. Ra7 Bh5 23. f4 Bg6 24. Qe2 f5 25. Re6 Bh5 26. Rxh6 gxh6 27. Qe6 Bf3 28.
Ne3 Bb8 29. Qe7 1-0

[Event "AUTO-OPEN-1162"]
[Site "http://www.queenalice.com/game.php?id=578750"]
[Date "2009.4.27"]
[Round "3"]
[White "franchouillard"]
[Black "wdwpower"]
[Result "0-1"]
[WhiteElo "2030"]
[BlackElo "2307"]

1. e4 c5 2. Nf3 d6 3. Bb5+ Bd7 4. Bxd7+ Qxd7 5. O-O Nc6 6. c3 Nf6 7. Re1 e6 8.
d4 cxd4 9. cxd4 d5 10. exd5 Nxd5 11. Nc3 Bb4 12. Qd3 O-O 13. Be3 Rac8 14. Rec1
f6 15. Nxd5 Qxd5 16. Qc4 Rfd8 17. Qxd5 Rxd5 18. Rc4 Ba5 19. Rac1 Rcd8 20. g3 Bb6
21. Kg2 R8d7 22. Ra4 g5 23. h3 h5 24. g4 hxg4 25. hxg4 Kf7 26. Kg3 Ra5 27. Rxa5
Bxa5 28. Rh1 Kg7 29. Rd1 Bb6 30. Rd2 Kg6 31. a3 a5 32. Rd1 Rd6 33. Rd2 a4 34.
Kg2 Rd5 35. Re2 Ba7 36. Rc2 Nxd4 37. Nxd4 Bxd4 38. Bxd4 Rxd4 39. f3 f5 40. gxf5+
exf5 41. Re2 Rd3 42. Kf2 Kh5 43. Kg2 Kh4 44. Rc2 f4 45. Kf2 g4 46. fxg4 Kxg4 47.
Kg2 f3+ 48. Kf2 b5 49. Rc8 Rd2+ 0-1

[Event "frank_lasker"]
[Site "http://www.queenalice.com/game.php?id=586866"]
[Date "2009.5.12"]
[Round "5"]
[White "wdwpower"]
[Black "Groomi"]
[Result "1-0"]
[WhiteElo "2300"]
[BlackElo "1750"]

1. e4 e6 2. d4 c6 3. Nf3 d5 4. Nc3 Qa5 5. Bd2 Qb4 6. Nxd5 Qd6 7. Bf4 Qd7 8. Nc7+
Kd8 9. Nxa8 Bd6 10. Ne5 Qe7 11. Nxf7+ Qxf7 12. Bxd6 Nd7 13. Qd2 Qg6 14. f3 Nh6
15. Qa5+ Ke8 16. Nc7+ Kf7 17. O-O-O a6 18. Bc4 Nf6 19. Nxe6 Bxe6 20. Qc7+ Nd7
21. Qxd7+ Kf6 22. Qe7# 1-0